000 00790nam a2200265 i 4500
001 C2-0281095
003 PPAK
005 20180728011818.0
008 070801s2007 my a|||| ||||| | may d
020 _a9789830343044
040 _aPPAK
_beng
_cPPAK
_erda
082 0 4 _a499.2386
_223
090 0 0 _a499.2386
_bNAS
_dRK
100 0 _aNasrulnizamwati Mohamed,
_eauthor
245 1 0 _aMengamalkan budi bahasa
264 1 _aKuala Lumpur :
_bPenerbitan Hartamas ,
_c2007
300 _a52 pages :
_bcolour illustrations ;
_c30 cm
336 _2rdacontent
_atext
337 _2rdamedia
_aunmediated
338 _2rdacarrier
_avolume
490 1 _aSiri menangani isu-isu kontemporari
650 1 0 _aMalay language--Readers
830 0 _aSiri menangani isu-isu kontemporari
942 _ddc
_cB
999 _c87511
_d87511